Statistics for List The Office (U.S.) Episodes Quiz

Click here to take the quiz!

General Stats

  • This quiz has been taken 34 times
  • The average score is 65 of 186

Answer Stats

SeasonAnswer% Correct
Season 1Pilot
92%
Season 1Basketball
75%
Season 1Diversity Day
75%
Season 1Hot Girl
75%
Season 3The Merger
75%
Season 2Halloween
67%
Season 6Niagara
67%
Season 2The Fire
67%
Season 2Booze Cruise
58%
Season 3Branch Closing
58%
Season 2Christmas Party
58%
Season 5Company Picnic
58%
Season 4Dinner Party
58%
Season 9Finale
58%
Season 4Fun Run
58%
Season 3Gay Witch Hunt
58%
Season 1Health Care
58%
Season 7Nepotism
58%
Season 2Office Olympics
58%
Season 1The Alliance
58%
Season 7The Search
58%
Season 4Dunder Mifflin Infinity
50%
Season 7Dwight K. Schrute, (Acting) Manager
50%
Season 7Goodbye, Michael
50%
Season 4Goodbye, Toby
50%
Season 2Michael's Birthday
50%
Season 4Money
50%
Season 5Moroccan Christmas
50%
Season 6Sabre
50%
Season 2Sexual Harassment
50%
Season 3The Coup
50%
Season 3The Job
50%
Season 2The Secret
50%
Season 7Todd Packer
50%
Season 9AARM
42%
Season 3A Benihana Christmas
42%
Season 3Beach Games
42%
Season 5Broke
42%
Season 5Cafe Disco
42%
Season 2Casino Night
42%
Season 4Chair Model
42%
Season 7Classy Christmas
42%
Season 3Cocktails
42%
Season 3Diwali
42%
Season 2Dwight's Speech
42%
Season 8Last Day in Florida
42%
Season 4Launch Party
42%
Season 5Michael Scott Paper Company
42%
Season 5New Boss
42%
Season 4Night Out
42%
Season 3Phyllis' Wedding
42%
Season 8Pool Party
42%
Season 6Scott's Tots
42%
Season 8Search Committee
42%
Season 6Secret Santa
42%
Season 6St. Patrick's Day
42%
Season 6The Banker
42%
Season 2The Client
42%
Season 3The Convention
42%
Season 2The Dundies
42%
Season 2The Injury
42%
Season 8The List
42%
Season 3The Negotiation
42%
Season 2Valentine's Day
42%
Season 5Weight Loss
42%
Season 6Whistleblower
42%
Season 3Women's Appreciation
42%
Season 8Angry Andy
33%
Season 3Ben Franklin
33%
Season 4Branch Wars
33%
Season 5Business Trip
33%
Season 5Casual Friday
33%
Season 7Counseling
33%
Season 5Crime Aid
33%
Season 5Customer Survey
33%
Season 6Double Date
33%
Season 2Drug Testing
33%
Season 9Dwight Christmas
33%
Season 5Frame Toby
33%
Season 8Fundraiser
33%
Season 8Garden Party
33%
Season 8Get the Girl
33%
Season 8Gettysburg
33%
Season 5Golden Ticket
33%
Season 9Here Comes Treble
33%
Season 3Initiation
33%
Season 6Koi Pond
33%
Season 4Local Ad
33%
Season 6Mafia
33%
Season 7Michael's Last Dundies
33%
Season 9New Guys
33%
Season 7PDA
33%
Season 5Prince Family Paper
33%
Season 3Safety Training
33%
Season 6Secretary's Day
33%
Season 7Sex Ed
33%
Season 9Stairmageddon
33%
Season 5Stress Relief
33%
Season 2Take Your Daughter to Work Day
33%
Season 8Tallahassee
33%
Season 9The Boat
33%
Season 2The Carpet
33%
Season 6The Chump
33%
Season 3The Convict
33%
Season 6The Cover-Up
33%
Season 6The Delivery
33%
Season 7The Inner Circle
33%
Season 6The Lover
33%
Season 6The Meeting
33%
Season 6The Promotion
33%
Season 3The Return
33%
Season 5The Surplus
33%
Season 7Threat Level Midnight
33%
Season 7Training Day
33%
Season 3Traveling Salesman
33%
Season 8Welcome Party
33%
Season 9Work Bus
33%
Season 7WUPHF.com
33%
Season 9Andy's Ancestry
25%
Season 7Andy's Play
25%
Season 5Baby Shower
25%
Season 3Back from Vacation
25%
Season 6Body Language
25%
Season 2Boys and Girls
25%
Season 5Business Ethics
25%
Season 7China
25%
Season 7Christening
25%
Season 8Christmas Wishes
25%
Season 2Conflict Resolution
25%
Season 8Doomsday
25%
Season 5Dream Team
25%
Season 6Gossip
25%
Season 3Grief Counseling
25%
Season 6Happy Hour
25%
Season 5Heavy Competition
25%
Season 9Lice
25%
Season 8Lotto
25%
Season 8Mrs. California
25%
Season 6Murder
25%
Season 6New Leads
25%
Season 8Pam's Replacement
25%
Season 9Paper Airplane
25%
Season 9Promos
25%
Season 9Roy's Wedding
25%
Season 6Shareholder Meeting
25%
Season 8Spooked
25%
Season 4Survivor Man
25%
Season 4The Deposition
25%
Season 5The Duel
25%
Season 9The Farm
25%
Season 2The Fight
25%
Season 8The Incentive
25%
Season 6The Manager and the Salesman
25%
Season 7The Seminar
25%
Season 9The Target
25%
Season 9The Whale
25%
Season 8Trivia
25%
Season 8Turf War
25%
Season 5Two Weeks
25%
Season 7Ultimatum
25%
Season 9Vandalism
25%
Season 7Viewing Party
25%
Season 8After Hours
17%
Season 5Blood Drive
17%
Season 3Business School
17%
Season 9Couples Discount
17%
Season 9Customer Loyalty
17%
Season 4Did I Stutter?
17%
Season 2Email Surveillance
17%
Season 5Employee Transfer
17%
Season 8Free Family Portrait Studio
17%
Season 7Garage Sale
17%
Season 4Job Fair
17%
Season 9Junior Salesman
17%
Season 8Jury Duty
17%
Season 5Lecture Circuit: Part 1
17%
Season 5Lecture Circuit: Part 2
17%
Season 9Livin' the Dream
17%
Season 9Moving On
17%
Season 2Performance Review
17%
Season 9Suit Warehouse
17%
Season 8Test the Store
17%
Season 7Costume Contest
8%
Season 3Product Recall
8%
Season 8Special Project
8%
Season 7The Sting
8%

Score Distribution

Percentile by Number Answered

Percent of People with Each Score

Your Score History

You have not taken this quiz